000 00337 a2200157 4500
001 153280
020 _a8576665077
040 _cEscola São Tomás de Aquino
100 _aALENCAR, José de
240 1 0 _aO guarani
_lpor
245 1 0 _aO guarani
300 _a328
362 0 _a2006
697 _aLITERATURA BRASILEIRA
942 _cBK
999 _c153280
_d153280